000 00661nam a22001817a 4500
003 OSt
008 260601b |||||||| |||| 00| 0 eng d
020 _a9780367774424
082 _a581.23
_bS13P
245 _aPlant-Microbe Interactions Harnessing Next-Generation Molecular Technologies for Sustainable Agriculture
_bedited By Jagajjit Sahu, Anukool Vaishnav, Harikesh Bahadur Singh
260 _aBoca Raton:
_bCRC Press,
_c2023.
300 _axiv, 303 p.
650 _aBotanical sciences | Pure Sciences | Microorganisms | Plant diseases
700 _aJagajjit Sahu
700 _aVaishnav, Anukool
700 _aSingh, Harikesh Bahadur
942 _2ddc
_cBK
999 _c51078
_d51078